000 02560nam a22002537a 4500
999 _c7925
_d7925
001 21377
003 BD-DhUAP
005 20211213154837.0
008 211211b ||||| |||| 00| 0 eng d
020 _a9781786270566
_q(Hardcover)
040 _aBD-DhUAP
_beng.
_cBD-DhUAP
_eBD-DhUAP
_dBD-DhUAP
082 0 4 _a724.6 DAV
_223
100 1 _aDavies, Colin.
_d1929-
_eauthor.
245 1 2 _aA new history of modern architecture :
_bart nouveau, the beaux-arts, expressionism, modernism, constructivism, art deco, classicism, brutalism, postmodernism, neo-rationalism, high tech, deconstructivism, digital futures /
_cColin Davies.
264 1 _aLondon :
_bLaurence King Publishing Ltd,
_c2017.
300 _a500 pages :
_billustrations (chiefly color), plans ;
_c30 cm.
504 _aIncludes bibliographical references (pages 480-484) and index.
505 0 _aArt nouveau and Adolf Loos: 1881-1930 -- Houses: 1891-1911 -- National romanticism, the new tradition and the beaux-arts: 1893-1923 -- Steel and conrete: pioneers and visionaries: 1891-1923 -- Factories: 1902-1942 -- Expressionism: 1914-1941 -- Dutch modernism: 1915-1931 -- German modernism: 1919-1933 -- Le Corbusier part 1: 1906-1932 -- Mies van der Rohe in Germany: 1907-1938 -- Russian constructivism: 1917-1936 -- Wright, Schindler and Neutra: 1911-1938 -- Art deco and the skyscraper: 1925-1939 -- Modern classicism: 1923-1942 -- Modernism in the USA: 1932-1972 -- Domes, shells and tents: 1952-1973 -- Le Corbusier part 2: 1932-1965 -- Alvar Aalto and Hans Scharoun: 1924-1971 -- Mass housing: 1949-1968 -- Latin american modernism: 1932-1982 -- Brutalism: 1954-1977 -- Louis Kahn -- monumental modernism: 1953-1982 -- 'Non-western' influences: 1937-1991 -- Postmodernism: 1964-1990 -- Neo-rationalism: 1967-1991 -- High tech: 1967-1991 -- Japan: 1945-2000 -- Deconstructivism: 1982-1995 -- Rem Koolhaas and OMA: 1991-2004 -- 'The architecture of the well-tempered environment' revisited: 1973-2007 -- 'Context' and 'materiality': 1963-2012 -- Digital futures: 1994-2012 -- China: 1911-2012.
520 8 _aIn this book, Colin Davies subjects the canonical architecture of the twentieth century to a thorough reassessment. Rather than repeating the standard wisdom, Davies questions the values and judgements that are so often the mainstay of architectural surveys, and in doing so asks: what is the importance of the style we know as Modernism.
650 0 _aArchitecture.
_xLondon.
650 0 _aArchitecture, Modern
_y21st century.
650 0 _aModern movement (Architecture)
942 _2ddc
_cBK